Un siglo defendiendo las aves silvestres y sus ambientes (Registro nro. 18046)

Detalles MARC
000 -CABECERA
Campo de control 00762nam a22002177a 4500
005 - FECHA Y HORA DE LA ULTIMA TRANSACCION
Campo de control 20160129111751.0
008 - ELEMENTOS DE LONGITUD FIJA—INFORMACION GENERAL
Campo de control 160129b ag ao |r|||| 00| 0 spa d
040 ## - FUENTE DE CATALOGACIÓN
Agencia catalogadora original CO-BoIAVH
Agencia transcriptora CO-BoIAVH
041 1# - IDIOMA
Código de idioma para texto/pista de sonido o título separado Español
-- Inglés
044 ## - PAÍS DE PUBLICACIÓN
País de publicación Argentina
082 04 - NUMERO DE CLASIFICACION DECIMAL DEWEY
Número de clasificación 333.95816
Número del ítem A95s
110 2# - ASIENTO PRINCIPAL--NOMBRE CORPORATIVO
Nombre corporativo o de jurisdicción como elemento de entrada Aves Argentinas - Asociación Ornitológica del Plata
9 (RLIN) 55380
245 13 - MENCION DE TITULO
Título Un siglo defendiendo las aves silvestres y sus ambientes
246 02 - FORMA VARIANTE DEL TITULO
Título propiamente dicho/forma breve del título A century working to protect wild birds and their habitats
260 ## - PUBLICACION, DISTRIBUCION, ETC. (PIE DE IMPRENTA)
Lugar de publicación, distribución, etc. Argentina? :
Nombre del editor, distribuidor, etc. Aves Argentinas,
Fecha de publicación, distribución, etc. [s. f.].
300 ## - DESCRIPCION FISICA
Extensión 48 páginas :
Otros detalles físicos ilustraciones, fotografías a color ;
Dimensiones 29 x 23 cm.
650 #6 - ASIENTO SECUNDARIO DE MATERIA - TERMINO TEMATICO
Término temático o nombre geográfico como elemento de entrada Aves
Subdivisión general Conservación
9 (RLIN) 55381
650 #6 - ASIENTO SECUNDARIO DE MATERIA - TERMINO TEMATICO
Término temático o nombre geográfico como elemento de entrada Aves
Subdivisión general Habitát
9 (RLIN) 55382
650 #6 - ASIENTO SECUNDARIO DE MATERIA - TERMINO TEMATICO
Término temático o nombre geográfico como elemento de entrada Aves
Subdivisión general Ambiente
9 (RLIN) 55383
942 ## - ELEMENTOS ADICIONALES (KOHA)
Sistema de clasificación Dewey Decimal Classification
Tipo de ítem Libro
Existencias
Withdrawn status Lost status Sistema de Clasificación Damaged status No para préstamo Colección Inventariado Ubicación Permanente Ubicación actual Fecha de adquisición Fuente de Valor Valor Total Checkouts Número topográfico Inventario / Código de Barras Date last seen Ejemplar Price effective from Forma de adquisición Tipo de material
    Dewey Decimal Classification     General Inventariado 2017 Bogotá Bogotá 29/01/2016 Instituto 39000.00   LB-333.95816 A95s 039638 29/01/2016 Ej. 1 29/01/2016   Libro